| 000 | 00885nam a2200253 a 4500 | ||
|---|---|---|---|
| 003 | BD-DhJNU | ||
| 005 | 20250917035844.0 | ||
| 008 | 030331s2003 enk b 000 0 eng | ||
| 020 | _a0415323533 | ||
| 040 |
_aBD-DhJNU _bENG _cBD-DhJNU _dBD-DhJNU |
||
| 082 | 0 | 0 |
_a791.45 FIR _223 |
| 100 | 1 | _aFiske, John. | |
| 245 | 1 | 0 |
_aReading television / _cJohn Fiske and John Hartley ; with a new foreword by John Hartley. |
| 250 | _a2nd ed. | ||
| 260 |
_aLondon ; _aNew York : _bRoutledge, _c2003. |
||
| 300 |
_axxii, 176 p. ; _c20 cm. |
||
| 504 | _aIncludes bibliographical references (p. [160]-163) and index. | ||
| 650 | 0 | _aTelevision criticism. | |
| 650 | 0 |
_aTelevision broadcasting _xSocial aspects. |
|
| 650 | 0 | _aBooks and reading. | |
| 700 | 1 |
_aHartley, John, _d1948- |
|
| 856 | 4 | 2 |
_3Publisher description _uhttp://www.loc.gov/catdir/enhancements/fy0651/2003007198-d.html |
| 942 | _cBK | ||
| 999 |
_c2120 _d2120 |
||